000 00594nam a2200193 a 4500
003 PILC
005 20150112093430.0
008 100716s19uu xx 00 eng d
020 _a0071230122
050 _aHB 171.5
_b.M47 2002
082 _aESF 330
_bM13 2002
100 _aMcConnel, Campbell R.
_910336
245 _aEconomics :
_bPrinciples, problem, and policies /
_cCampbell R. McConell
260 _aNew York :
_bMcGraw-Hill Companies, Inc,
_c2002.
300 _a793 pages :
_billustration ;
_c23 cm.
650 _aEconomics
_97586
700 _aBrue, Stanley L.
_910337
942 _2lcc
_cBK
999 _c14360
_d14360